000 00425nam a2200181Ia 4500
001 22278
005 20260414150820.0
008 260414t2016||||xx |||||||||||||| ||spa||
041 _aESP
082 _a621.31
_bA37
100 _aAlcalde San Miguel, Pablo
_eAUT
245 0 _aElectrotecnia
_b
260 _c2016
300 _axvii, 403 páginas :
_c27 cm.
650 _aTCA
654 _aCET
942 _cLIB
_dJUS
_fJUS
_2ddc
_n
999 _c22278
_d22278